[Event "SVR-op 34th"]
[Site "Reil"]
[Date "2011.04.21"]
[Round "4"]
[White "Ley, Sabrina"]
[Black "Laubenstein, Cameron"]
[Result "1-0"]
[WhiteElo "1202"]
[BlackElo "795"]
[PlyCount "107"]
[EventDate "2011.04.16"]
[EventType "swiss"]
[EventRounds "7"]
[EventCountry "GER"]
[SourceTitle "EXT 2013"]
[Source "ChessBase"]
[SourceDate "2012.11.22"]
[SourceVersion "1"]
[SourceVersionDate "2012.11.22"]
[SourceQuality "1"]

1. e4 e5 2. Nf3 Nc6 3. Bc4 Nf6 4. d4 exd4 5. Nxd4 Nxe4 6. 0-0 Bc5 7. Bxf7+ Kxf7 8. Qf3+ Nf6 9. Nxc6 dxc6 10. Bg5 Re8 11. Bxf6 gxf6 12. Qh5+ Kf8 13. Qxc5+ Kf7 14. Nc3 Re7 15. Rfe1 Qe8 16. Qh5+ Kf8 17. Qxe8+ Rxe8 18. Rxe8+ Kxe8 19. Re1+ Kf7 20. f3 b5 21. g4 a5 22. h4 b4 23. Na4 Rb8 24. g5 fxg5 25. hxg5 Kg6 26. f4 Kf5 27. Rf1 Ba6 28. Rf2 Rb5 29. Kg2 c5 30. Kh3 c4 31. Kh4 Kg6 32. Kg4 h5+ 33. Kg3 Bc8 34. Rd2 Kf5 35. Rd8 Be6 36. b3 c3 37. Rf8+ Ke4 38. Kh4 Ke3 39. Re8 Kd2 40. Rxe6 Kxc2 41. Rc6 Rb7 42. g6 Kd2 43. g7 Rb8 44. f5 c2 45. f6 c1Q 46. Rxc1 Kxc1 47. f7 Kb1 48. g8Q Rxg8 49. fxg8Q Kxa2 50. Kxh5 Ka3 51. Nc5 c6 52. Qa8 a4 53. Qxa4+ Kb2 54. Qxb4 1-0